Detalles MARC
| 000 -CABECERA |
| Longitud fija campo de control |
01884nam a2200445 c 4500 |
| 001 - NÚMERO DE CONTROL |
| Número de control |
6719 |
| 003 - IDENTIFICADOR DE NÚMERO DE CONTROL |
| Identificador del número de control |
ES-MaCES |
| 005 - FECHA Y HORA DE LA ÚLTIMA TRANSACCIÓN |
| Fecha y hora de la última transacción |
20160629131851.0 |
| 008 - CAMPO FIJO DE DESCRIPCIÓN FIJA--INFORMACIÓN GENERAL |
| Códigos de información de longitud fija |
980421s1996 gw b ||| | fre d |
| 020 ## - ISBN (INTERNATIONAL STANDARD BOOK NUMBER) |
| Número Internacional Normalizado para Libros (ISBN) |
3472027002 |
| 035 ## - NÚMERO DE CONTROL DEL SISTEMA |
| Número de control del sistema |
CES19980067801m |
| 040 ## - FUENTE DE CATALOGACIÓN |
| Centro catalogador de origen |
ES-MaCES |
| Lengua de catalogación |
spa |
| Centro transcriptor |
ES-MaCES |
| 041 0# - CÓDIGO DE IDIOMA |
| Código de lengua del texto;banda sonora o título independiente |
fre |
| -- |
ger |
| -- |
eng |
| 245 00 - MENCIÓN DE TÍTULO |
| Título |
Rapport synoptique sur l'accès, la qualité et le volume de la formation professionnelle continue en Europe |
| Mención de responsabilidad, etc. |
[réalisée par l'Institut national pour le développement de la formation professionnelle continue - INFPC, avec l'appui de la Comission européenne dans le cadre du programme FORCE, Formation continue en Europe] ; sous la direction de, Marc Ant... [et al.] |
| 260 ## - PUBLICACIÓN, DISTRIBUCIÓN, ETC (PIE DE IMPRENTA) |
| Lugar de publicación, distribución, etc. |
Neuwied [etc.] |
| Nombre del editor, distribuidor, etc. |
Luchterhand |
| Fecha de publicación, distribución, etc. |
cop. 1996 |
| 300 ## - DESCRIPCIÓN FÍSICA |
| Extensión |
344 p. |
| Otras características físicas |
map. col. |
| Dimensiones |
24 cm |
| 500 ## - NOTA GENERAL |
| Nota general |
Glosario en francés, inglés y alemán |
| 500 ## - NOTA GENERAL |
| Nota general |
Pulb. también en inglés y alemán |
| 504 ## - NOTA DE BIBLIOGRAFÍA, ETC. |
| Nota de bibliografía, etc. |
Bibliografía (por países): p. 284-290 |
| 541 ## - NOTA DE LA FUENTE INMEDIANTE DE ADQUISICIÓN |
| Forma de adquisición |
Compra |
| 650 #4 - ASIENTO SECUNDARIO DE MATERIA--TÉRMINO DE MATERIA |
| Término de materia o nombre geográfico como elemento inicial |
comparación |
| 9 (RLIN) |
28892 |
| 650 #4 - ASIENTO SECUNDARIO DE MATERIA--TÉRMINO DE MATERIA |
| Término de materia o nombre geográfico como elemento inicial |
formación profesional permanente |
| 9 (RLIN) |
29931 |
| 650 #4 - ASIENTO SECUNDARIO DE MATERIA--TÉRMINO DE MATERIA |
| Término de materia o nombre geográfico como elemento inicial |
formación en la empresa |
| 9 (RLIN) |
27452 |
| 650 #4 - ASIENTO SECUNDARIO DE MATERIA--TÉRMINO DE MATERIA |
| Término de materia o nombre geográfico como elemento inicial |
relación formación empleo |
| 9 (RLIN) |
29976 |
| 650 #4 - ASIENTO SECUNDARIO DE MATERIA--TÉRMINO DE MATERIA |
| Término de materia o nombre geográfico como elemento inicial |
política de formación |
| 9 (RLIN) |
29974 |
| 650 #4 - ASIENTO SECUNDARIO DE MATERIA--TÉRMINO DE MATERIA |
| Término de materia o nombre geográfico como elemento inicial |
planificación de la formación |
| 9 (RLIN) |
29959 |
| 650 #4 - ASIENTO SECUNDARIO DE MATERIA--TÉRMINO DE MATERIA |
| Término de materia o nombre geográfico como elemento inicial |
tasa de participantes en formación |
| 9 (RLIN) |
29283 |
| 650 #4 - ASIENTO SECUNDARIO DE MATERIA--TÉRMINO DE MATERIA |
| Término de materia o nombre geográfico como elemento inicial |
oportunidades de formación |
| 9 (RLIN) |
29973 |
| 650 #4 - ASIENTO SECUNDARIO DE MATERIA--TÉRMINO DE MATERIA |
| Término de materia o nombre geográfico como elemento inicial |
informe |
| 9 (RLIN) |
28986 |
| 653 10 - TÉRMINO DE INDEXACIÓN--NO CONTROLADO |
| Término no controlado |
Educación |
| 650 #4 - ASIENTO SECUNDARIO DE MATERIA--TÉRMINO DE MATERIA |
| 9 (RLIN) |
29282 |
| Término de materia o nombre geográfico como elemento inicial |
evaluación del nivel de formación |
| 650 #4 - ASIENTO SECUNDARIO DE MATERIA--TÉRMINO DE MATERIA |
| 9 (RLIN) |
29020 |
| Término de materia o nombre geográfico como elemento inicial |
país de la UE |
| 650 #4 - ASIENTO SECUNDARIO DE MATERIA--TÉRMINO DE MATERIA |
| 9 (RLIN) |
26752 |
| Término de materia o nombre geográfico como elemento inicial |
UE |
| 700 1# - ENCABEZAMIENTO SECUNDARIO--NOMBRE PERSONAL |
| Nombre de persona |
Ant, Marc |
| Término indicativo de función |
dir. |
| 9 (RLIN) |
6348 |
| 710 2# - ENCABEZAMIENTO SECUNDARIO--NOMBRE CORPORATIVO |
| Nombre de entidad o nombre de jurisdicción como elemento inicial |
Institut national pour le developpement de la formation professionelle continue (Luxemburgo) |
| 9 (RLIN) |
4103 |
| 710 2# - ENCABEZAMIENTO SECUNDARIO--NOMBRE CORPORATIVO |
| 9 (RLIN) |
2014 |
| Nombre de entidad o nombre de jurisdicción como elemento inicial |
Comisión de las Comunidades Europeas |
| Término indicativo de función |
col. |
| 902 ## - CES. TIPO DE DOCUMENTO |
| Tipodoc (006$c Sirtex) |
LIB Libro |
| 942 ## - ELEMENTOS KOHA |
| Fuente de clasificaión o esquema |
Clasificación propia del CES |
| Koha [por defecto] tipo de item |
Monografías |
| Parte de clasificación |
4.0. |